<?xml version="1.0" encoding="UTF-8"?>
<collection xmlns="http://www.loc.gov/MARC21/slim">
<record>
  <controlfield tag="001">132048</controlfield>
  <controlfield tag="005">20240308105337.0</controlfield>
  <datafield tag="024" ind1="7" ind2=" ">
    <subfield code="2">doi</subfield>
    <subfield code="a">10.26754/CINAIC.2023.0152</subfield>
  </datafield>
  <datafield tag="037" ind1=" " ind2=" ">
    <subfield code="a">COMPON-2023-CINAIC-0152</subfield>
  </datafield>
  <datafield tag="041" ind1=" " ind2=" ">
    <subfield code="a"></subfield>
  </datafield>
  <datafield tag="100" ind1=" " ind2=" ">
    <subfield code="a">Bonilla Priego,  María Jesús</subfield>
    <subfield code="u">Universidad Rey Juan Carlos, España</subfield>
  </datafield>
  <datafield tag="245" ind1=" " ind2=" ">
    <subfield code="a">Evaluación de un sistema de gestión del aprendizaje para el aprendizaje complementario: el efecto moderador de la autorregulación</subfield>
  </datafield>
  <datafield tag="260" ind1=" " ind2=" ">
    <subfield code="a">Zaragoza</subfield>
    <subfield code="b">Universidad de Zaragoza, Servicio de Publicaciones</subfield>
    <subfield code="c">2023</subfield>
  </datafield>
  <datafield tag="300" ind1=" " ind2=" ">
    <subfield code="e"></subfield>
  </datafield>
  <datafield tag="520" ind1="3" ind2=" ">
    <subfield code="a">Tras la pandemia del Covid-19, las universidades generalizaron los enfoques de enseñanza de aprendizaje complementario/suplementario (o supplemental learning), pero pocos estudios han evaluado su impacto en la educación superior. El objetivo de este trabajo es estudiar el éxito de un Sistema de Gestión de Aprendizaje (LMS), basado en el modelo de éxito del sistema de información (modelo ISS) desarrollado por DeLone y McLean, utilizado para el aprendizaje complementario en la educación contable. Los resultados demuestran que: (i) tanto la calidad del contenido de la información como la calidad del instructor se relacionan positivamente con la utilidad percibida del LMS, (ii) la satisfacción del estudiante con el modelo de aprendizaje puede mejorarse a través de la utilidad percibida del LMS, y (iii) un mayor grado de autorregulación del estudiante debilita la relación positiva entre utilidad percibida y satisfacción. Se discuten las implicaciones de estos hallazgos.</subfield>
  </datafield>
  <datafield tag="506" ind1=" " ind2=" ">
    <subfield code="a">Access copy available to the general public</subfield>
    <subfield code="f">Unrestricted</subfield>
  </datafield>
  <datafield tag="540" ind1=" " ind2=" ">
    <subfield code="9">info:eu-repo/semantics/openAccess</subfield>
    <subfield code="a">by-nc-nd</subfield>
    <subfield code="u">http://creativecommons.org/licenses/by-nc-nd/3.0/es/</subfield>
  </datafield>
  <datafield tag="653" ind1="1" ind2=" ">
    <subfield code="a">Aprendizaje mixto</subfield>
  </datafield>
  <datafield tag="653" ind1="1" ind2=" ">
    <subfield code="a">Aprendizaje complementario/suplementario</subfield>
  </datafield>
  <datafield tag="653" ind1="1" ind2=" ">
    <subfield code="a">Sistemas de gestión de aprendizaje</subfield>
  </datafield>
  <datafield tag="653" ind1="1" ind2=" ">
    <subfield code="a">Modelo de Delone y McLean</subfield>
  </datafield>
  <datafield tag="653" ind1="1" ind2=" ">
    <subfield code="a">autoregulación  </subfield>
  </datafield>
  <datafield tag="653" ind1="1" ind2=" ">
    <subfield code="a">Blended-learning</subfield>
  </datafield>
  <datafield tag="653" ind1="1" ind2=" ">
    <subfield code="a">Supplemental learning</subfield>
  </datafield>
  <datafield tag="653" ind1="1" ind2=" ">
    <subfield code="a">Learning Management System</subfield>
  </datafield>
  <datafield tag="653" ind1="1" ind2=" ">
    <subfield code="a">Delone and McLean model</subfield>
  </datafield>
  <datafield tag="653" ind1="1" ind2=" ">
    <subfield code="a">self-regulation  </subfield>
  </datafield>
  <datafield tag="655" ind1=" " ind2="4">
    <subfield code="a">Comunicación</subfield>
  </datafield>
  <datafield tag="700" ind1=" " ind2=" ">
    <subfield code="a">Fernández Giordano,  Marisel</subfield>
    <subfield code="u">Universidad Complutense de Madrid, España</subfield>
  </datafield>
  <datafield tag="700" ind1=" " ind2=" ">
    <subfield code="a">Morales Moya,  Miguel Ángel</subfield>
    <subfield code="u">Universidad Rey Juan Carlos, España</subfield>
  </datafield>
  <datafield tag="700" ind1=" " ind2=" ">
    <subfield code="a">Pacheco Olivares,  María Rosario</subfield>
    <subfield code="u">Universidad Rey Juan Carlos, España</subfield>
  </datafield>
  <datafield tag="773" ind1=" " ind2=" ">
    <subfield code="d">Zaragoza</subfield>
    <subfield code="g">Actas del VII Congreso Internacional sobre Aprendizaje, Innovación y Cooperación, CINAIC 2023 (18-20 de Octubre de 2023, Madrid, España)



</subfield>
  </datafield>
  <datafield tag="856" ind1="4" ind2=" ">
    <subfield code="s">1017041</subfield>
    <subfield code="u">http://zaguan.unizar.es/record/132048/files/152.pdf</subfield>
  </datafield>
  <datafield tag="909" ind1="C" ind2="O">
    <subfield code="o">oai:zaguan.unizar.es:132048</subfield>
    <subfield code="p">comunicaciones-ponencias</subfield>
  </datafield>
  <datafield tag="970" ind1=" " ind2=" ">
    <subfield code="a">COMPON-2023-CINAIC-0152</subfield>
  </datafield>
  <datafield tag="980" ind1=" " ind2=" ">
    <subfield code="a">COMPON</subfield>
  </datafield>
</record>
</collection>